| 000 | 00570cam a2200205ua 4500 | ||
|---|---|---|---|
| 001 | 10986 | ||
| 005 | 20260515114701.0 | ||
| 008 | 190706n ii |||gr||||Z||||||eng | ||
| 020 | _a9781259097348 | ||
| 040 | _cMAIN | ||
| 082 | _a330.015195 | ||
| 100 |
_aAlpha C Chiang, _eAuthor. |
||
| 245 |
_aFundamental methods of mathematical economics _cBy Alpha C Chiang and Kevin wainwright |
||
| 250 | _a4th ed. | ||
| 260 |
_aChennai: _bMcgraw hill education pvt ltd, _c2017. |
||
| 300 | _a688p. | ||
| 653 | _aEconomics | ||
| 700 |
_aKevin Wainwright, _eAuthor. |
||
| 942 | _cBK | ||
| 999 |
_c9887 _d9887 |
||